Coama / (Registro nro. 17081)
[ vista simple ]
| 000 -CABECERA | |
|---|---|
| Campo de control | 00745cas a2200205 a 4500 |
| 005 - FECHA Y HORA DE LA ULTIMA TRANSACCION | |
| Campo de control | 20170629113449.0 |
| 008 - ELEMENTOS DE LONGITUD FIJA—INFORMACION GENERAL | |
| Campo de control | 890819c19949999ck qr p r 0 0a0spa d |
| 040 ## - FUENTE DE CATALOGACIÓN | |
| Agencia catalogadora original | hm |
| Agencia transcriptora | hm |
| Agencia Modificadora | CO-BoIAVH |
| 041 0# - IDIOMA | |
| Código de idioma para texto/pista de sonido o título separado | Español |
| 090 ## - CLASIFICACIÓN LOCAL | |
| Colección | SE |
| 245 00 - MENCION DE TITULO | |
| Título | Coama / |
| Mención de responsabilidad | Consolidación de la Región Amazónica |
| 260 ## - PUBLICACION, DISTRIBUCION, ETC. (PIE DE IMPRENTA) | |
| Lugar de publicación, distribución, etc. | Santa Fe de Bogotá (Colombia) : |
| Nombre del editor, distribuidor, etc. | Coama, |
| Fecha de publicación, distribución, etc. | 1994. |
| 300 ## - DESCRIPCION FISICA | |
| Otros detalles físicos | ilustraciones; |
| Dimensiones | 27 x 21 cm. |
| 310 ## - FRECUENCIA ACTUAL DE LA PUBLICACIÓN | |
| Frecuencia actual de la publicación | Otro |
| 650 26 - ASIENTO SECUNDARIO DE MATERIA - TERMINO TEMATICO | |
| Término temático o nombre geográfico como elemento de entrada | Pueblos indígenas |
| Subdivisión general | Situación legal |
| Subdivisión de forma | Publicaciones periódicas |
| 9 (RLIN) | 82274 |
| 650 26 - ASIENTO SECUNDARIO DE MATERIA - TERMINO TEMATICO | |
| Término temático o nombre geográfico como elemento de entrada | Pueblos indígenas |
| Subdivisión general | Legislación |
| Subdivisión de forma | Publicaciones periódicas |
| 9 (RLIN) | 82275 |
| 650 26 - ASIENTO SECUNDARIO DE MATERIA - TERMINO TEMATICO | |
| Término temático o nombre geográfico como elemento de entrada | Programa social |
| Subdivisión geográfica | Amazonía |
| Subdivisión de forma | Publicaciones periódicas |
| 9 (RLIN) | 82276 |
| 710 2# - ASIENTO SECUNDARIO - NOMBRE CORPORATIVO | |
| Nombre corporativo o de jurisdicción como elemento de entrada | Consolidación de la Región Amazónica. |
| 9 (RLIN) | 82277 |
| 942 ## - ELEMENTOS ADICIONALES (KOHA) | |
| Sistema de clasificación | Local |
| Tipo de ítem | Artículo |
| Withdrawn status | Lost status | Sistema de Clasificación | Damaged status | No para préstamo | Colección | Fecha publicación (Año) | Número revista | Inventariado | Ubicación Permanente | Ubicación actual | Fecha de adquisición | Fuente de adquisición | Datos de publicación Seriada | Total Checkouts | Número topográfico | Inventario / Código de Barras | Date last seen | Ejemplar | Price effective from | Forma de adquisición | Tipo de material |
|---|---|---|---|---|---|---|---|---|---|---|---|---|---|---|---|---|---|---|---|---|---|
| Local | Hemeroteca | 1995 | 1 | Inventariado 2017 | Bogotá | Bogotá | 22/03/2001 | Baptiste, Luis Guillermo | Número 1 (01/02/1995) | SE | 008873 | 25/03/2015 | Ej. 1 | 25/03/2015 | Donación | Periodica o revista | |||||
| Local | Hemeroteca | 1995 | 2 | Inventariado 2017 | Bogotá | Bogotá | 22/03/2001 | Baptiste, Luis Guillermo | Número 2 (01/05/1995) | SE | 008874 | 25/03/2015 | Ej. 1 | 25/03/2015 | Donación | Periodica o revista | |||||
| Local | Hemeroteca | 1995 | 3 | Inventariado 2017 | Bogotá | Bogotá | 22/03/2001 | Baptiste, Luis Guillermo | Número 3 (01/10/1995) | SE | 008875 | 25/03/2015 | Ej. 1 | 25/03/2015 | Donación | Periodica o revista | |||||
| Local | Hemeroteca | 1997 | 4 | Inventariado 2017 | Bogotá | Bogotá | 22/03/2001 | Baptiste, Luis Guillermo | Número 4 (01/01/1997) | SE | 008876 | 25/03/2015 | Ej. 1 | 25/03/2015 | Donación | Periodica o revista |